| 000 -LEADER |
| fixed length control field |
01031nam a22002537a 4500 |
| 005 - DATE AND TIME OF LATEST TRANSACTION |
| control field |
20240522112745.0 |
| 008 - FIXED-LENGTH DATA ELEMENTS--GENERAL INFORMATION |
| fixed length control field |
240522s2006 enk||||| |||| 00| 0 eng d |
| 020 ## - INTERNATIONAL STANDARD BOOK NUMBER |
| International Standard Book Number |
9780071105187x |
| 041 ## - LANGUAGE CODE |
| Language code of text/sound track or separate title |
eng |
| 080 ## - UNIVERSAL DECIMAL CLASSIFICATION NUMBER |
| Universal Decimal Classification number |
617.5 S-30 |
| 245 ## - TITLE STATEMENT |
| Title |
Schwartz's Manual of Surgery / |
| Statement of responsibility, etc. |
by F. Editor by Charles Brunicardi, Dana Anderson, Timothy Billiar, David Dunn, John Hunter, Raphael E. Pollock. |
| 250 ## - EDITION STATEMENT |
| Edition statement |
8th Edition |
| 264 ## - PRODUCTION, PUBLICATION, DISTRIBUTION, MANUFACTURE, AND COPYRIGHT NOTICE |
| Place of production, publication, distribution, manufacture |
New York: |
| Name of producer, publisher, distributor, manufacturer |
McGraw Hill, |
| Date of production, publication, distribution, manufacture, or copyright notice |
2006. |
| 300 ## - PHYSICAL DESCRIPTION |
| Extent |
1320 p.: |
| Other physical details |
ill.; |
| Dimensions |
21 cm. |
| 653 ## - INDEX TERM--UNCONTROLLED |
| keyword |
ქირურგია |
| 653 ## - INDEX TERM--UNCONTROLLED |
| keyword |
მედიცინა |
| 700 ## - ADDED ENTRY--PERSONAL NAME |
| Personal name |
Brunicardi, F. Charles |
| Relator term |
რედაქტორი |
| 9 (RLIN) |
22136 |
| 700 ## - ADDED ENTRY--PERSONAL NAME |
| Personal name |
Anderson, Dana |
| Relator term |
რედაქტორი |
| 9 (RLIN) |
22137 |
| 700 ## - ADDED ENTRY--PERSONAL NAME |
| Personal name |
Billiar, Timothy |
| Relator term |
რედაქტორი |
| 9 (RLIN) |
22138 |
| 700 ## - ADDED ENTRY--PERSONAL NAME |
| Personal name |
Dunn, David |
| Relator term |
რედაქტორი |
| 9 (RLIN) |
22139 |
| 700 ## - ADDED ENTRY--PERSONAL NAME |
| Personal name |
Hunter, John |
| Relator term |
რედაქტორი |
| 9 (RLIN) |
22140 |
| 700 ## - ADDED ENTRY--PERSONAL NAME |
| Personal name |
Pollock, Raphael E. |
| Relator term |
რედაქტორი |
| 9 (RLIN) |
22141 |
| 942 ## - ADDED ENTRY ELEMENTS (KOHA) |
| Source of classification or shelving scheme |
|
| Koha item type |
წიგნი |